Whisky y gloria / (Record no. 86006)

MARC details
000 -LEADER
campo de control de longitud fija 00503nam a2200169 i 4500
001 - NÚMERO DE CONTROL
campo de control 86006
003 - IDENTIFICADOR DE NÚMERO DE CONTROL
campo de control ES-MaACL
005 - FECHA Y HORA DE LA ÚLTIMA TRANSACCIÓN
campo de control 20230906175345.0
007 - CAMPO FIJO DE DESCRIPCIÓN FÍSICA--INFORMACIÓN GENERAL
campo de control de longitud fija t|
008 - DATOS DE LONGITUD FIJA--INFORMACIÓN GENERAL
campo de control de longitud fija 041203s1962 ag ||||1| spa d
100 1# - ENTRADA PRINCIPAL--NOMBRE DE PERSONA
Nombre de persona Kennaway, James.
9 (RLIN) 67836
245 10 - MENCIÓN DEL TÍTULO
Título Whisky y gloria /
Mención de responsabilidad, etc. por James Kennaway ; [traducción de Consuelo Gironés].
260 ## - PUBLICACIÓN, DISTRIBUCIÓN, ETC.
Lugar de publicación, distribución, etc. Buenos Aires :
Nombre del editor, distribuidor, etc. Plaza & Janés,
Fecha de publicación, distribución, etc. [1962]
300 ## - DESCRIPCIÓN FÍSICA
Extensión 189 p. ;
Dimensiones 19 cm.
700 1# - ENTRADA AGREGADA--NOMBRE PERSONAL
Nombre de persona Gironés, Consuelo.
9 (RLIN) 57301
852 ## - LOCALIZACIÓN
Ubicación ES-MaACL
Número de control de estantería C-22733
Sublocalización o colección R.51509
Holdings
Estatus retirado Estado de pérdida Estado de daño No para préstamo Biblioteca de origen Biblioteca actual Ubicación en estantería Fecha de adquisición Fuente de adquisición Total de préstamos Signatura topográfica completa Código de barras Visto por última vez Precio de reemplazo Tipo de ítem Koha
        Biblioteca del Ateneo de Madrid Biblioteca del Ateneo de Madrid Galería 17/01/2008     C-22733 1089872 23/02/2023 23/02/2023 Libro impreso